التجارة الالكترونية=e-Commerce (Record no. 15217)
[ view plain ]
| 000 -LEADER | |
|---|---|
| fixed length control field | 00830nam a2200205Ii 4500 |
| 003 - CONTROL NUMBER IDENTIFIER | |
| control field | JO-AjNU |
| 008 - FIXED-LENGTH DATA ELEMENTS--GENERAL INFORMATION | |
| fixed length control field | 230605s9999||||xx |||||||||||||| ||und|| |
| 017 ## - COPYRIGHT OR LEGAL DEPOSIT NUMBER | |
| Copyright or legal deposit number | 2004/2/257 |
| 040 ## - CATALOGING SOURCE | |
| Original cataloging agency | JO-AjNU |
| Language of cataloging | ara |
| Description conventions | rda |
| Transcribing agency | JO-AjNU |
| 041 ## - LANGUAGE CODE | |
| Language code of text/sound track or separate title | ara |
| 050 14 - LIBRARY OF CONGRESS CALL NUMBER | |
| Classification number | HF5548.32 .Y2782.2009 |
| 100 3# - MAIN ENTRY--PERSONAL NAME | |
| Personal name | ياسين،سعد غالب/م مشارك:بشير عباس العلاق, |
| Relator term | author |
| 9 (RLIN) | 29634 |
| 245 00 - TITLE STATEMENT | |
| Title | التجارة الالكترونية=e-Commerce |
| 264 31 - PRODUCTION, PUBLICATION, DISTRIBUTION, MANUFACTURE, AND COPYRIGHT NOTICE | |
| Place of production, publication, distribution, manufacture | عمان: دار المناهج للنشر والتوزيع؛2009 |
| 300 ## - PHYSICAL DESCRIPTION | |
| Extent | 320ص |
| Other physical details | يحتوي على ملاحق من ص 313-315ص،يحتوي على ببلوغرافية من ص317-320ص |
| 336 ## - CONTENT TYPE | |
| Content type term | text |
| Content type code | txt |
| Source | rdacontent |
| 337 ## - MEDIA TYPE | |
| Media type term | unmediated |
| Media type code | n |
| Source | rdamedia |
| 338 ## - CARRIER TYPE | |
| Carrier type term | volume |
| Carrier type code | nc |
| Source | rdacarrier |
| 650 #4 - SUBJECT ADDED ENTRY--TOPICAL TERM | |
| Topical term or geographic name entry element | التجارة الدولية-الحواسيب |
| 9 (RLIN) | 29635 |
| Withdrawn status | Lost status | Source of classification or shelving scheme | Damaged status | Not for loan | Home library | Current library | Shelving location | Date acquired | Total Checkouts | Full call number | Barcode | Date last seen | Price effective from | Koha item type |
|---|---|---|---|---|---|---|---|---|---|---|---|---|---|---|
| Library of Congress Classification | مكتبة جامعة عجلون الوطنية | مكتبة جامعة عجلون الوطنية | المجموعات العامة | 06/06/2023 | HF5548.32 .Y2782.2009 | A11649 | 06/06/2023 | 06/06/2023 | Books |